Sodom albums - Statistics

General Stats
  • This quiz has been taken 84 times
  • The average score is 9 of 15
Answer Stats
Year Album % Correct
1989 Agent Orange
94%
1987 Persecution Mania
87%
2001 M-16
83%
2006 Sodom
74%
1992 Tapping the Vein
70%
1999 Code Red
68%
1990 Better Off Dead
66%
1986 Obsessed by Cruelty
64%
2010 In War and Pieces
57%
1994 Get What You Deserve
55%
1995 Masquerade in Blood
51%
2007 The Final Sign of Evil
51%
2016 Decision Day
45%
2013 Epitome of Torture
42%
1997 'Til Death Do Us Unite
40%
No matching quizzes found
Score Distribution
Percent of People with Each Score
Percentile by Number Answered
Your Score History
You have not taken this quiz